| 000 | 00397nam a2200157Ia 4500 | ||
|---|---|---|---|
| 008 | 230917s9999||||xx |||||||||||||| ||und|| | ||
| 040 |
_e111092 _aMAIN |
||
| 041 | _aEnglish | ||
| 082 | _a658.3 R18H(3) | ||
| 100 | _aRao, V S P | ||
| 245 | 0 | _aHuman resource management : Text and cases | |
| 250 | _a3rd ed. | ||
| 260 |
_aNew Delhi _bExcel books _c2010 |
||
| 300 | _axxiii, 839 p. | ||
| 942 | _cBK | ||
| 999 |
_c136220 _d136220 |
||